000 00305nam a22001457a 4500
008 210527b ||||| |||| 00| 0 eng d
020 _a0387900713
041 _aeng
080 _a574
082 _a574
100 _a9
101 _aMJE
245 _aSand and Sandstone
_cPettijohn,
942 _2udc
_cBK
999 _c57727
_d57727